<?xml version="1.0" encoding="UTF-8"?>
<record
    xmlns:xsi="http://www.w3.org/2001/XMLSchema-instance"
    xsi:schemaLocation="http://www.loc.gov/MARC21/slim http://www.loc.gov/standards/marcxml/schema/MARC21slim.xsd"
    xmlns="http://www.loc.gov/MARC21/slim">

  <leader>00946nam a22002417a 4500</leader>
  <controlfield tag="008">240605b        mp ||||| |||| 00| 0 mon d</controlfield>
  <datafield tag="020" ind1=" " ind2=" ">
    <subfield code="a">978-9919-517-42-7</subfield>
  </datafield>
  <datafield tag="035" ind1=" " ind2=" ">
    <subfield code="a">29101</subfield>
  </datafield>
  <datafield tag="040" ind1=" " ind2=" ">
    <subfield code="a">DA0445040</subfield>
    <subfield code="b">mon</subfield>
    <subfield code="c">MN-UlNLM</subfield>
    <subfield code="d">MN-UlNLM</subfield>
    <subfield code="e">rda</subfield>
  </datafield>
  <datafield tag="041" ind1=" " ind2=" ">
    <subfield code="a">mon</subfield>
  </datafield>
  <datafield tag="042" ind1=" " ind2=" ">
    <subfield code="a">61025</subfield>
  </datafield>
  <datafield tag="084" ind1=" " ind2=" ">
    <subfield code="2">21</subfield>
    <subfield code="a">920</subfield>
    <subfield code="b">&#x422;.594</subfield>
  </datafield>
  <datafield tag="100" ind1=" " ind2=" ">
    <subfield code="a">&#x422;&#x4E9;&#x440;&#x43C;&#x4E9;&#x43D;&#x445; &#x411;.</subfield>
  </datafield>
  <datafield tag="245" ind1=" " ind2="0">
    <subfield code="a">&#x41C;&#x43E;&#x43D;&#x433;&#x43E;&#x43B; &#x445;&#x4AF;&#x43D; &#x414;.&#x41D;&#x430;&#x446;&#x430;&#x433;&#x434;&#x43E;&#x440;&#x436;</subfield>
  </datafield>
  <datafield tag="264" ind1=" " ind2=" ">
    <subfield code="a">&#x423;&#x411;</subfield>
    <subfield code="b">&#x410;&#x434;&#x43C;&#x43E;&#x43D; &#x43F;&#x440;&#x438;&#x43D;&#x442; &#x425;&#x425;&#x41A;</subfield>
    <subfield code="c">2022</subfield>
  </datafield>
  <datafield tag="300" ind1=" " ind2=" ">
    <subfield code="a">63 &#x445;.</subfield>
  </datafield>
  <datafield tag="336" ind1=" " ind2=" ">
    <subfield code="2">rdacontent</subfield>
    <subfield code="a">text</subfield>
    <subfield code="b">txt</subfield>
  </datafield>
  <datafield tag="337" ind1=" " ind2=" ">
    <subfield code="2">rdamedia</subfield>
    <subfield code="a">unmediated</subfield>
    <subfield code="b">n</subfield>
  </datafield>
  <datafield tag="338" ind1=" " ind2=" ">
    <subfield code="2">rdacarrier</subfield>
    <subfield code="a">volume</subfield>
    <subfield code="b">nc</subfield>
  </datafield>
  <datafield tag="650" ind1=" " ind2=" ">
    <subfield code="a">&#x41C;&#x43E;&#x43D;&#x433;&#x43E;&#x43B;&#x447;&#x443;&#x443;&#x434; &#x43E;&#x43B;&#x43E;&#x43D; &#x437;&#x443;&#x443;&#x43D; &#x436;&#x438;&#x43B; &#x445;&#x430;&#x440;&#x44C; &#x43E;&#x440;&#x43D;&#x44B; &#x434;&#x430;&#x440;&#x43B;&#x430;&#x43B; &#x43C;&#x4E9;&#x43B;&#x436;&#x43B;&#x4E9;&#x433;&#x442; &#x437;&#x43E;&#x432;&#x436; &#x437;&#x4AF;&#x434;&#x440;&#x44D;&#x43D;, &#x434;&#x44D;&#x43B;&#x445;&#x438;&#x439;&#x43D; &#x431;&#x43E;&#x43B;&#x43E;&#x432;&#x441;&#x440;&#x43E;&#x43B;&#x43E;&#x43E;&#x441; &#x445;&#x43E;&#x446;&#x440;&#x43E;&#x43D; &#x433;&#x44D;&#x44D;&#x433;&#x434;&#x441;&#x44D;&#x43D; &#x446;&#x430;&#x433; &#x4AF;&#x435;&#x434; &#x442;&#x44D;&#x440;&#x44D;&#x44D;&#x440; &#x43C;&#x44D;&#x43D;&#x434;&#x44D;&#x43B;&#x436;&#x44D;&#x44D;. &#x411;...</subfield>
  </datafield>
  <datafield tag="942" ind1=" " ind2=" ">
    <subfield code="2">10-t</subfield>
    <subfield code="c">BK</subfield>
  </datafield>
  <datafield tag="952" ind1=" " ind2=" ">
    <subfield code="0">0</subfield>
    <subfield code="1">0</subfield>
    <subfield code="4">0</subfield>
    <subfield code="6">920__&#x422;594</subfield>
    <subfield code="7">0</subfield>
    <subfield code="8">DA0443</subfield>
    <subfield code="a">DA0445040</subfield>
    <subfield code="b">DA0445040</subfield>
    <subfield code="c">DA0443</subfield>
    <subfield code="d">2024-06-06</subfield>
    <subfield code="g">22900.00</subfield>
    <subfield code="l">0</subfield>
    <subfield code="o">920 / &#x422;.594</subfield>
    <subfield code="p">DA04429101-3-1</subfield>
    <subfield code="r">2024-06-06</subfield>
    <subfield code="t">46923</subfield>
    <subfield code="y">BK</subfield>
  </datafield>
  <datafield tag="999" ind1=" " ind2=" ">
    <subfield code="c">764793</subfield>
    <subfield code="d">764850</subfield>
  </datafield>
</record>
